000
00206 a2200097 4500
001
4712
100
_a
Price,W.J
245
_a
Nuclear radiation detection
260
_a
_b
Mcgrawhill
_c
090
_c
3905
_d
3905
942
_a
NUST-CAE
_c
M
_c
30162
999
_c
239785
_d
239785